Представление документа в формате RUSMARC

ПолеНазваниеЗначение
  Тип записи a
  Библиографический уровень m
001 Контрольный номер RU/CBS_UL/BASE/562841065
005 Дата корректировки 20240221201503.2
010 Индекс ISBN __
a ISBN
b Уточнения в пер.
d Цена 55 к.
9 Тираж экз.
100 Данные общей обработки __
a Данные общей обработки 20171031d2017 ||| 0rusy0189 ca
101 Язык документа 0_
a Язык текста rus
102 Страна публикации __
a Страна публикации RU
105 Кодированные данные (монография) __
a Кодированные данные (монография) y###||||000|y
200 Заглавие и сведения об ответственности 1_
a Заглавие Поэзия прозы
b Общее обозначение материала Текст
e Сведения, относящиеся к заглавию статьи о Гоголе
f Первые сведения об ответственности И. П. Золотусский
210 Выходные данные 1_
a Место издания Москва
c Издательство Советский писатель
d Дата издания 1987
215 Физическое описание __
a Объем 240 с.
d Формат см.
300 Общие примечания __
a Общие примечания Ограничения по возрасту - 16+
300 Общие примечания __
a Общие примечания Под инв. номером 23923: Цс-3, 1-2, 3-1, 4с-3, 6-1, 8-1, 10-1, 12-1, 13-1, 15-1, 17-1, 18-1, 19-1, 21-1, 28-1, 30-2
600 Персоналии _0
a Персоналии (Фамилия) Гоголь
b Персоналии (Имя, инициалы) Н. В.
606 Тематические рубрики 0_
a Основная рубрика Гоголь, Николай Васильевич (1809-1852)
610 Ключевые слова 0_
a Ключевые слова литература русская
a Ключевые слова писатели русские
a Ключевые слова статьи
a Ключевые слова критика
686 Индексы других классификаций __
a Классификационный индекс 83.3(2Рос=Рус)1
2 Код системы ББК
700 Автор _1
a Фамилия Золотусский
b Имя (инициалы) Игорь Петрович
g Полное личное имя И. П.
801 Источник записи _0
a Страна RU
b Организация МБУК ЦБС
c Дата составления 20171031
g Правила каталогизации RCR
801 Источник записи _1
a Страна RU
b Организация МБУК ЦБС г. Ульяновска
c Дата составления 20171031
g Правила каталогизации RCR
899 Данные о местонахождении __
i Авторский знак З-81
j Расстановочный фильтр 83.3(2Рос=Рус)1
901 Тип документа __
t Тип документа m
910 Корректоры записи __
a Корректор записи Тихонова